Statistics for FIFA World Rankings - Teams of the Year

Click here to take the quiz!

General Stats

  • This quiz has been taken 407 times
    (213 since last reset)
  • The average score is 83 of 87

Answer Stats

YearTeam% Correct
2007Brazil
99%
2005Brazil
99%
1994Brazil
99%
2009Brazil
99%
2016Brazil
99%
2017Brazil
99%
2021Brazil
99%
1993Brazil
99%
2018Brazil
99%
2019Brazil
99%
2006Brazil
99%
2001Brazil
99%
2004Brazil
99%
1997Brazil
99%
2002Brazil
99%
2020Brazil
99%
2000Brazil
99%
1999Brazil
99%
1995Brazil
99%
2003Brazil
99%
1996Brazil
99%
1998Brazil
99%
2002France
99%
2003France
99%
2004France
99%
2019France
99%
2018France
99%
2020France
99%
1996France
99%
1999France
99%
1998France
99%
2000France
99%
2021France
99%
2001France
99%
2012Spain
99%
2003Spain
99%
2013Spain
99%
2010Spain
99%
1994Spain
99%
2008Spain
99%
2015Spain
99%
2009Spain
99%
2011Spain
99%
2002Spain
99%
2016Argentina
98%
2000Argentina
98%
2015Argentina
98%
2014Argentina
98%
2006Argentina
98%
2004Argentina
98%
2012Argentina
98%
2013Argentina
98%
2001Argentina
98%
2007Argentina
98%
2010Germany
98%
2011Germany
98%
2016Germany
98%
1998Germany
98%
1997Germany
98%
1993Germany
98%
1996Germany
98%
1995Germany
98%
2014Germany
98%
2017Germany
98%
2013Germany
98%
2012Germany
98%
2008Germany
98%
2007Italy
97%
1993Italy
97%
2006Italy
97%
1995Italy
97%
2010Netherlands
96%
2005Netherlands
96%
2009Netherlands
96%
2011Netherlands
96%
2008Netherlands
96%
2019Belgium
95%
2020Belgium
95%
2018Belgium
95%
2021Belgium
95%
2015Belgium
95%
2017Portugal
92%
2014Colombia
68%
1994Sweden
63%
2005Czech Republic
40%
1997Czech Republic
40%
1999Czech Republic
40%

Score Distribution

Percentile by Number Answered

Percent of People with Each Score

Your Score History

You have not taken this quiz since the last reset